000 00591nam a2200205 4500
001 107715
003 ES-MaACL
005 20230906184457.0
007 t|
008 061121s1971 sp r ||||1| spa d
100 1 _aMosse, Claude.
_9193541
245 1 4 _aLas doctrinas políticas en Grecia /
_cClaude Mosse; traducción Rosario de la Iglesia.
260 _aBarcelona :
_bA. Redondo,
_c1971.
300 _a127 p. ;
_c18 cm.
490 1 _aBeta
700 1 _aIglesia, Rosario de la.
_965062
830 0 _aBeta
_9182807
852 _aES-MaACL
_jC-40448
_bR.77205
999 _c107715
_d107715